¿Resucitar los Premios 'San Jorge'? : encuesta, opinan los críticos de arte barceloneses / G.C. encuesta, opinan los críticos de arte barceloneses / G.C.
Publicado:
San Jorge, núm. 93 (1r trimestre 1974), pàg 16 - 22 :
MARC
| LEADER | 00000nam a2200000Ia 4500 | ||
|---|---|---|---|
| 001 | |||
| 008 | 160829s9999 xx 000 0 cat d | ||
| 100 | |a C., G. |9 41617 | ||
| 245 | |a ¿Resucitar los Premios 'San Jorge'? : |b encuesta, opinan los críticos de arte barceloneses / G.C. | ||
| 260 | |a San Jorge, núm. 93 (1r trimestre 1974), pàg 16 - 22 | ||
| 650 | 0 | |a Premios San Jorge |9 54544 | |
| 650 | |a Catalunya. Diputació Províncial |x Premis |x Enquestes |9 41783 | ||
| 901 | |a Arxiu | ||
| 942 | |n 1 | ||
| 952 | |0 0 |1 0 |4 0 |7 1 |9 50474 |a Arxiu |b Arxiu |d 2016-12-01 |l 0 |r 2016-12-01 00:00:00 |w 2016-12-01 |y ARXIU | ||
| 999 | |c 54316 |d 54316 | ||